| 000 | 01145cam a2200325 a 4500 | ||
|---|---|---|---|
| 001 | 16251155 | ||
| 005 | 20171215044118.0 | ||
| 008 | 100525s2011 maua 001 0 eng c | ||
| 010 | _a 2010929505 | ||
| 020 | _a9781439078389 (softcover) | ||
| 020 | _a1439078386 (softcover) | ||
| 020 | _a9781439078402 (softcover spiral) | ||
| 020 | _a1439078408 (softcover spiral) | ||
| 020 | _a9781439078419 (hardcover spiral) | ||
| 020 | _a1439078416 (hardcover spiral) | ||
| 035 | _a(OCoLC)ocn502032710 | ||
| 040 |
_aBTCTA _beng _cBTCTA _dUPM _dYDXCP _dSGB _dDLC |
||
| 041 | _aeng | ||
| 042 | _apcc | ||
| 080 | _a004 SHEL | ||
| 082 | _a004 SHEL | ||
| 100 | 1 | _a30 | |
| 101 | _aSHK | ||
| 245 | 1 | 0 |
_aMicrosoft Office 2010 : _cGary B. Shelly, Misty E. Vermaat ; contributing authors, Raymond E. Enger ... [et al.]. |
| 800 | 1 |
_aShelly, Gary B. _tShelly Cashman series. |
|
| 906 |
_a7 _bcbc _cpccadap _d3 _encip _f20 _gy-gencatlg |
||
| 942 |
_2ddc _cBK |
||
| 999 |
_c38991 _d38991 |
||